| 000 | 00579nam a2200193Ia 4500 | ||
|---|---|---|---|
| 005 | 20260114185615.0 | ||
| 008 | 008 260114s9999 xx 000 0 eng d | ||
| 020 | _a9781350987869 | ||
| 037 | _aEBOOK | ||
| 040 |
_aCRL _beng _cCRL |
||
| 041 |
_aeng _2eng |
||
| 084 | _qCRL | ||
| 100 |
_aJohn P. Davis _9872146 |
||
| 245 | 0 | _aRussia in the Time of Cholera Disease under Romanovs and Soviets | |
| 260 |
_bBloomsbury _c2018 |
||
| 856 | _uhttps://doi.org/10.5040/9781350987869?locatt=label:secondary_bloomsburyCollections | ||
| 942 | _cEBOOK | ||
| 999 |
_c1471094 _d1471094 |
||